000 00294nam a22001217a 4500
008 170223b xxu||||| |||| 00| 0 eng d
041 _aeng
080 _a616 31
100 _a5
101 _aSHS
245 _aTHE DENTAL CLINICS NORTH AMERICA
_cTHE DENTAL CLINICS NORTH AMERICA
942 _2udc
_cBK
999 _c6164
_d6164